| 000 | 00844cam a2200289 i 4500 | ||
|---|---|---|---|
| 001 | 110189 | ||
| 005 | 20230410142335.0 | ||
| 008 | 130527b2000 sp a 000 0 spa | ||
| 020 | _a9788489651814 | ||
| 020 | _a8489651817 | ||
| 050 | 1 | 4 |
_aBT 111.3 _bG216t 2000 |
| 082 | 0 | 0 | _a230 |
| 100 | 1 | _aGarcía Andrade, Carlos | |
| 245 | 1 | 3 |
_aLa Trinidad : _bsoftware de Dios. Reinstalando a Dios en la cultura occidental / _cCarlos García Andrade. |
| 260 |
_aMadrid : _bCiudad Nueva Editorial, _c2000. |
||
| 300 |
_a150 p. ; _c20 cm. |
||
| 650 | 0 | _aTrinity. | |
| 650 | 0 | _aGod. | |
| 650 | 0 | _aTheology, Doctrinal. | |
| 650 | 0 | _aChristianity and culture. | |
| 650 | 4 | _aTeología doctrinal. | |
| 650 | 4 | _aCristianismo y cultura. | |
| 650 | 4 | _aTrinidad. | |
| 650 | 4 | _aDios. | |
| 650 | 4 | _aPrimera Jornada de Catalogacion. | |
| 942 |
_2lcc _cbk |
||
| 999 |
_c93867 _d93867 |
||